| 000 | 01134nam a2200265Ia 4500 | ||
|---|---|---|---|
| 008 | 0000002004 sp ad 0000000000spa00 | ||
| 090 | _aPSP00 B25a | ||
| 100 | 1 | _aBentz, Josep FéliX | |
| 245 | 1 | 0 |
_aAbelló en Madrid _c/ textos Josep Félix Bentz ; fotografías Isard Alonso, Joan Iriarte, Ricard Dalmau |
| 300 |
_a336 p. _c/ 27 cm. |
||
| 500 | _aExposición realizada en Museo de la Ciudad, Madrid, octubre 7 noviembre 28, 2004 \ Proyecto Ganador Programa Apoyos Concertados FGAA 2010 | ||
| 501 | _aSus orígenes Los maestros Trayectoria artística Abello en Madrid Abelló en el mundo El mundo de Abelló | ||
| 600 | 0 | 0 |
_aABELLO, JOAN, 19222008/ _xTRABAJOS PICTORICOS |
| 650 | 1 | 4 | _aARTE CONTEMPORANEO ESPAÑOL |
| 650 | 1 | 4 | _aARTISTAS PLASTICOS ESPAÑOLES EXPOSIONES |
| 650 | 1 | 4 | _xCATALOGOS |
| 650 | 1 | 4 | _aDIBUJOS ESPAÑOLES |
| 650 | 1 | 4 | _xEXPOSICIONES |
| 650 | 1 | 4 | _aPINTORES ESPAÑOLES |
| 650 | 1 | 4 | _aPINTURA AL OLEO |
| 650 | 1 | 4 | _aPINTURA ESPAÑOLA |
| 650 | 1 | 4 | _aPINTURA SOBRE TELA |
| 700 | 1 | _aAlonso, Isard \ Iriarte, Joan \ Dalmau, Ricard | |
| 999 |
_c11772 _d11772 |
||
| 260 |
_aMadrid : Museo de la Ciudad _c2004 |
||